| 000 | 00605nam a22002177a 4500 | ||
|---|---|---|---|
| 003 | EC-GqESP | ||
| 005 | 20260330132651.0 | ||
| 008 | 260330b |||||||| |||| 00| 0 eng d | ||
| 020 | _a978-9942-48-918-0 | ||
| 041 | _aesp. | ||
| 082 |
_a658.4092 _pCUE |
||
| 100 | _aCueva González, Carlos | ||
| 245 | _aAudacia, liderazgo y creatividad: Tómese varias veces al dia | ||
| 250 | _aS/E | ||
| 260 |
_aEcuador _blolaconELE _c2025 |
||
| 300 |
_a142 p. _bPrologo,, fotografías _c22x15 cm |
||
| 650 | _aAudacia, liderazgo y creatividad | ||
| 650 | _aLiderazgo | ||
| 650 | _aCreatividad | ||
| 942 | _c01 | ||
| 999 |
_c238290 _d238290 |
||